El pago de lo no debido en el derecho chileno
Αποθηκεύτηκε σε:
| Κύριος συγγραφέας: | |
|---|---|
| Μορφή: | Βιβλίο |
| Γλώσσα: | Ισπανικά |
| Έκδοση: |
Santiago
LexisNexis
2003
|
| Έκδοση: | 1a. ed |
| Θέματα: | |
| Ετικέτες: |
Προσθήκη ετικέτας
Δεν υπάρχουν, Καταχωρήστε ετικέτα πρώτοι!
|
MARC
| LEADER | 00000nam a2200000 a 4500 | ||
|---|---|---|---|
| 001 | UCL0110 | ||
| 003 | CL-VaPUC | ||
| 008 | 030612e20030000CL |||||||||||||||||spa|d | ||
| 020 | |a 9562383873 | ||
| 082 | 0 | 4 | |a 346.8302 |b BAR |2 21 |
| 100 | 0 | |a Barrientos Grandón, Javier Orlando |e author |9 476822 | |
| 245 | 1 | 3 | |a El pago de lo no debido en el derecho chileno |
| 250 | |a 1a. ed | ||
| 300 | |a 176 p | ||
| 942 | |c BK | ||
| 945 | |d 20030612 00:00:00 |a cmena | ||
| 260 | |a Santiago |b LexisNexis |c 2003 | ||
| 650 | 0 | |a Derecho civil chileno |9 320612 | |
| 650 | 0 | |a Contratos |9 255153 | |
| 650 | 0 | |a Obligaciones contractuales |9 386117 | |
| 650 | 0 | |a Delitos |9 224143 | |
| 650 | 0 | |a Jurisprudencia |9 255952 | |
| 583 | |a last modification |c 20130328 13:31:49 |k Rodrigo Vera | ||
| 999 | |c 304136 |d 304134 | ||
| 952 | |0 0 |1 0 |4 0 |6 346_830200000000000_BAR_2003 |7 0 |8 A |9 365967 |a BIBDER |b BIBDER |d 2019-11-21 |i 4473175 |o 346.8302 BAR 2003 |p 4473175 |r 2023-01-25 |w 2019-11-21 |y BK |k DER | ||
| 952 | |0 0 |1 0 |4 0 |6 346_830200000000000_BAR_2003 |7 0 |8 A |9 365968 |a BIBDER |b BIBDER |d 2019-11-21 |i 4473191 |o 346.8302 BAR 2003 |p 4473191 |r 2023-01-25 |w 2019-11-21 |y BK |k DER | ||